Presidents Of USA - Statistics

General Stats
  • This quiz has been taken 773 times
  • The average score is 29 of 46
Answer Stats
Number President % Correct
45 Donald Trump
98%
44 Barack Obama
97%
1 George Washington
96%
46 Joe Biden
95%
41 George HW Bush
93%
43 George W Bush
93%
42 Bill Clinton
88%
16 Abraham Lincoln
87%
35 John F Kennedy
87%
32 Franklin D Roosevelt
86%
26 Theodore Roosevelt
83%
40 Ronald Reagan
81%
37 Richard Nixon
78%
2 John Adams
73%
6 John Quincy Adams
73%
36 Lyndon B Johnson
70%
3 Thomas Jefferson
70%
17 Andrew Johnson
69%
33 Harry S. Truman
69%
34 Dwight D Eisenhower
68%
39 Jimmy Carter
68%
38 Gerald Ford
67%
7 Andrew Jackson
57%
28 Woodrow Wilson
57%
31 Herbert Hoover
56%
4 James Madison
54%
5 James Monroe
53%
18 Ulysses S. Grant
51%
9 William Henry Harrison
47%
23 Benjamin Harrison
46%
22 Grover Cleveland
46%
24 Grover Cleveland
46%
27 William Howard Taft
46%
30 Calvin Coolidge
44%
11 James K Polk
44%
8 Martin Van Buren
44%
12 Zachary Taylor
44%
20 James A Garfield
43%
10 John Tyler
43%
15 James Buchanan
42%
25 William McKinley
42%
29 Warren G. Harding
37%
21 Chester A Arthur
36%
14 Franklin Pierce
36%
19 Rutherford B Hayes
33%
13 Millard Fillmore
32%
No matching quizzes found
Score Distribution
Percent of People with Each Score
Percentile by Number Answered
Your Score History
You have not taken this quiz